-
GUPTA, B.K AND GUPTA, R.N
Entry Personal Name
Number of records used in: 2
001 - CONTROL NUMBER
003 - CONTROL NUMBER IDENTIFIER
005 - DATE AND TIME OF LATEST TRANSACTION
- control field:
20220226124653.0
008 - FIXED-LENGTH DATA ELEMENTS
- fixed length control field:
220226|| aca||aabn | a|a d
040 ## - CATALOGING SOURCE
- Original cataloging agency:
OSt
- Transcribing agency:
OSt
100 ## - HEADING--PERSONAL NAME
- Personal name:
GUPTA, B.K AND GUPTA, R.N
670 ## - SOURCE DATA FOUND
- Source citation:
Work cat.: (OSt): GUPTA, B.K AND GUPTA, R.N, GOOD PHARMACY PRACTICES IN HOSPITAL PHARMACY, 2021